| 000 | 01397ngm a22003010a 4500 | ||
|---|---|---|---|
| 001 | PT35846 | ||
| 003 | AR-LpoUNG | ||
| 005 | 20210202000452.0 | ||
| 007 | vd cvaizq | ||
| 008 | 191001suuuu||||ag |||||||||||||||||spa d | ||
| 037 | _c$4.46 | ||
| 040 |
_aAR-LpoUNG _bspa _cAR-LpoUNG _eaacr |
||
| 041 |
_aspa _aeng |
||
| 044 | _aag | ||
| 082 | 0 | _a305.4 773leo | |
| 100 | 1 |
_aTrapero, Pablo _edir. |
|
| 245 | 1 | 0 | _aLeonera |
| 260 |
_aSan Luis : _bAVH, _c2008. |
||
| 300 | _a2 DVD (113 min.) : son., col. | ||
| 505 | 0 | _aSubtítulos en inglés y español. - Edición especial del director en 2 discos, el número dos contiene extras: apuntes de producción, rodaje, bonus, post-producción, escenas eliminadas, material de promoción. - Elenco: Martina Gusman (Julia), Elli Medeiros (Sofía), Rodrigo Santoro (Ramiro). | |
| 520 | _aNarra la historia de una mujer llamada Julia, que una mañana se despierta rodeada de cuerpos ensangrentados de dos hombres. Uno de ellos aún vive, el otro no, pero ambos han sido sus amantes en el pasado y Julia está embarazada de uno de ellos. Ella en un acto inconsciente se entrega a la policía y es enviada a la unidad carcelaria donde se alojan las reclusas embarazadas. Su hijo nacerá y se criará allí en la cárcel. | ||
| 651 | 4 | _aArgentina | |
| 653 | _aCINE | ||
| 653 | _aCINE ARGENTINO | ||
| 653 | _aVIDEOS | ||
| 905 | _a35846 | ||
| 942 | _cDVD | ||
| 999 |
_c54918 _d54918 |
||